Catálogo público

Orígenes de Rusia / (Record no. 107472)

MARC details
000 -CABECERA
campo de control de longitud fija 00793nam a2200265 a 4500
001 - NÚMERO DE CONTROL
campo de control 000111010
003 - IDENTIFICADOR DEL NÚMERO DE CONTROL
campo de control CHAP
005 - FECHA Y HORA DE LA ÚLTIMA TRANSACCIÓN
campo de control 20220329144154.0
008 - DATOS DE LONGITUD FIJA--INFORMACIÓN GENERAL
campo de control de longitud fija 141124s1968 xxua |r| |||1|||spa d
010 ## - NÚMERO DE CONTROL DE LA BIBLIOTECA DEL CONGRESO
Número de control de LC 107472
011 ## - ENLACE DEL NUMERO DE CONTROL DE LA BIBLIOTECA DEL CONGRESO [OBSOLETO]
Número de control de LC 108444
040 ## - FUENTE DE LA CATALOGACIÓN
Centro/agencia transcriptor CHAP
082 04 - NÚMERO DE LA CLASIFICACIÓN DECIMAL DEWEY
Número de clasificación 947
Número de documento/Ítem W18
100 1# - ENTRADA PRINCIPAL--NOMBRE DE PERSONA
Nombre de persona Wallace, Robert
9 (RLIN) 128796
245 10 - MENCIÓN DE TÍTULO
Título Orígenes de Rusia /
Mención de responsabilidad, etc. por Robert Wallace.
260 ## - PUBLICACIÓN, DISTRIBUCIÓN, ETC.
Lugar de publicación, distribución, etc. E.U.A. :
Nombre del editor, distribuidor, etc. TIME-LIFE International,
Fecha de publicación, distribución, etc. c1968.
300 ## - DESCRIPCIÓN FÍSICA
Extensión 184 p. :
Otras características físicas il.
490 1# - MENCIÓN DE SERIE
Mención de serie Las grandes épocas de la humanidad
-- Historia de las culturas mundiales
590 ## - NOTA LOCAL (RLIN)
Nota local E6096MTM
Procedencia (VM) [OBSOLETO] 05
Condición del los carretes individuales (VM) [OBSOLETO] 20141124
-- UCH01
-- 1127
650 14 - PUNTO DE ACCESO ADICIONAL DE MATERIA--TÉRMINO DE MATERIA
Término de materia o nombre geográfico como elemento de entrada Rusia
Subdivisión general Historia.
9 (RLIN) 100934
830 #4 - PUNTO DE ACCESO ADICIONAL DE SERIE-TÍTULO UNIFORME
Título uniforme Las grandes épocas de la humanidad
Nombre de parte o sección de la obra Historia de las culturas mundiales
9 (RLIN) 128751
901 ## - ELEMENTOS DE DATOS A LOCAL LDA (RLIN)
a BK
942 ## - ELEMENTOS DE PUNTO DE ACCESO ADICIONAL (KOHA)
Tipo de ítem Koha Libro
942 ## - ELEMENTOS DE PUNTO DE ACCESO ADICIONAL (KOHA)
Suprimir en OPAC 0
Holdings
Estado de retiro Estado de pérdida Fuente del sistema de clasificación o colocación Estado dañado Restricciones de uso No para préstamo Código de colección Localización permanente Ubicación/localización actual Ubicación en estantería Fecha de adquisición Información codificada de la localización en otra ubicación Total de préstamos Signatura topográfica completa Código de barras Fecha visto por última vez Precio válido a partir de Tipo de ítem Koha
    Dewey Decimal Classification   Préstamo 15 días   General Biblioteca Central Biblioteca Central Planta principal - Colección General 24/11/2014 LIBRO   947 W18 33724002425900 06/02/2026 31/12/2019 Libro